A TEXT BOOK OF DRAVYAGUNA VIJNANA (Record no. 21594)

MARC details
000 -LEADER
fixed length control field 00401nam a22001577a 4500
003 - CONTROL NUMBER IDENTIFIER
control field SGT
020 ## - INTERNATIONAL STANDARD BOOK NUMBER
International Standard Book Number 978-93-81608-54-8
082 ## - DEWEY DECIMAL CLASSIFICATION NUMBER
Classification number 615.53
Item number D20H
100 ## - MAIN ENTRY--PERSONAL NAME
Personal name HEGDE,PRAKSAH.L
245 ## - TITLE STATEMENT
Title A TEXT BOOK OF DRAVYAGUNA VIJNANA
260 ## - PUBLICATION, DISTRIBUTION, ETC. (IMPRINT)
Place of publication, distribution, etc NEW DELHI
Name of publisher, distributor, etc CHAUKHAMBHA PUB
Year of Publication 2020
300 ## - PAGE DESCRIPTION
No. of Pages 804
650 ## - SUBJECT ADDED ENTRY--TOPICAL TERM
Topical term or geographic name as entry element AYURVEDA
653 ## - KEYWORDS--INDEX TERM
Keyword term DRAVYAGUNA, DRAVYAGUNA VIJNANA, AYURVEDA DRUG
942 ## - ADDED ENTRY ELEMENTS (KOHA)
Source of classification or shelving scheme Dewey Decimal Classification
Koha item type Books
942 ## - ADDED ENTRY ELEMENTS (KOHA)
-- 45
Holdings
Withdrawn status Lost status Source of classification or shelving scheme Damaged status Not for loan Collection code Home library Current library Shelving location Date acquired Vendor Name Cost, normal purchase price Volume Information (Serial or Books or Non-Book Material) SGTU Bill Number Total Checkouts Total Renewals Full call number Accession No. (Barcode) Checked out Date last seen Date last borrowed Bill Date Koha item type Use restrictions
    Dewey Decimal Classification     AYURVEDA SGT FA-FP Library SGT FA-FP Library Text Book 23/07/2021 CHAUKHAMBHA PUB 695.00 2 SGTU CP/B/186 29 2 615.53 D20H FA10646 13/06/2026 30/05/2026 30/05/2026 21/06/2021 Books  
    Dewey Decimal Classification     AYURVEDA SGT FA-FP Library SGT FA-FP Library Text Book 23/07/2021 CHAUKHAMBHA PUB 695.00 2 SGTU CP/B/186 32   615.53 D20H FA10647   01/05/2026 30/04/2026 21/06/2021 Books  
    Dewey Decimal Classification     AYURVEDA SGT FA-FP Library SGT FA-FP Library Reference Book 23/07/2021 CHAUKHAMBHA PUB 695.00 2 SGTU CP/B/186     615.53 D20H FA10648   23/07/2021   21/06/2021 Books Restricted Access
    Dewey Decimal Classification     AYURVEDA SGT FA-FP Library SGT FA-FP Library Text Book 23/07/2021 CHAUKHAMBHA PUB 695.00 2 SGTU CP/B/186 28   615.53 D20H FA10649   01/05/2026 20/04/2026 21/06/2021 Books  
    Dewey Decimal Classification     AYURVEDA SGT FA-FP Library SGT FA-FP Library Text Book 23/07/2021 CHAUKHAMBHA PUB 695.00 2 SGTU CP/B/186 28   615.53 D20H FA10650 17/06/2026 03/06/2026 03/06/2026 21/06/2021 Books